|
|
|
|
| LEADER |
00952cam a2200253 4500 |
| 008 |
720915s1973 nyua b 001 0 eng |
| 999 |
|
|
|c 345968
|d 345968
|
| 010 |
|
|
|a 74154939
|
| 020 |
|
|
|a 0394461614
|
| 043 |
|
|
|a a-ii---
|a aw-----
|
| 082 |
0 |
0 |
|a 935
|
| 100 |
1 |
|
|a Hawkes, Jacquetta,
|
| 245 |
1 |
4 |
|a The first great civilizations;
|b life in Mesopotamia, the Indus Valley, and Egypt
|c [by] Jacquetta Hawkes.
|
| 250 |
|
|
|a [1st ed.]
|
| 260 |
|
|
|a New York,
|b Knopf; [distributed by Random House]
|c 1973.
|
| 300 |
|
|
|a xxvi, 465, xvii p.
|b illus.
|c 25 cm.
|
| 490 |
0 |
|
|a The History of human society
|
| 504 |
|
|
|a Bibliography: p. [463]-465.
|
| 650 |
|
0 |
|a Indus civilization.
|
| 942 |
|
|
|c BK
|
| 350 |
|
|
|a $12.50
|
| 651 |
|
0 |
|a Middle East
|x Civilization
|y To 622.
|
| 906 |
|
|
|a 7
|b cbc
|c orignew
|d 1
|e ncip
|f 19
|g y-gencatlg
|
| 952 |
|
|
|0 0
|1 0
|2 ddc
|4 0
|6 935_000000000000000_HAW_F
|7 0
|9 398290
|a HIS
|b HIS
|c ST1
|d 2019-12-03
|i 16305
|l 0
|o 935 HAW/F
|p HIS16305
|r 2019-12-03
|w 2019-12-03
|y BK
|